| 000 | 00362nam a2200145Ia 4500 | ||
|---|---|---|---|
| 008 | 191201s2009 xx 000 0 und d | ||
| 082 |
_a005.113 _bDOA |
||
| 100 | _aDoerr, Alan | ||
| 245 | 0 | _aApplied discrete structures for computer science | |
| 250 | _aRep. | ||
| 260 |
_aN.Delhi _bGalgatia Pub. Pvt _c2009 |
||
| 300 | _a523 | ||
| 650 | _aMCA | ||
| 942 |
_2ddc _cBK |
||
| 999 |
_c3697 _d3697 |
||